24 Deaths Quiz Stats

 Plays Quiz not verified by Sporcle

Support Sporcle.
Go Orange.
Score 0/15 Timer 05:00
0 Plays Today
Season, Position, Cause of Death % Correct
5, President of the United states, ShotDavid Palmer
96.3%
1, Wife, Shot Teri Bauer
94%
2, Head of CTU, Plane CrashGeorge Mason
86%
5, Ex-CTU Agent, Car BombMichelle Dessler
84.8%
5, CTU Agent, Nerve GasEdgar Stiles
80.4%
3, Ex-First Lady, ShotSherry Palmer
78.6%
3, Ex-Head of Division, Shot Ryan Chappelle
77.9%
6, President of the United States, Stabbed, (possibly dead)Charles Logan
71.9%
Season, Position, Cause of Death % Correct
6, CTU Agent, ShotCurtis Manning
69.1%
7, Ex-Head of CTU, Blown UpBill Buccanan
65.6%
3, Ex-CTU Agent, ShotNina Myers
55.3%
4, President of the United States, Plane CrashJohn Keeler
53.2%
5, Head of CTU, Nerve GasLynn Mcgill
50.1%
6, CTU Worker, ShotMilo Pressman
48.3%
5, Chief of staff, HangedWalt Cummings
45.7%

You're not logged in!

Compare scores with friends on all Sporcle quizzes.
OR
Log In

From the Vault

Characters by Bobblehead

by Hejman

This is for all those folks who miss Bubble Bobble. Or perhaps it's for those other folks who hang out with people with floppy necks.
Remove Ads.
Support Sporcle.
Get the best of Sporcle when you Go Orange. This ad-free experience offers more features, more stats, and more fun while also helping to support Sporcle. Thank you for becoming a member.

Show Comments

Extras

Top Quizzes Today


Score Distribution

Your Account Isn't Verified!

In order to create a playlist on Sporcle, you need to verify the email address you used during registration. Go to your Sporcle Settings to finish the process.

Report this User

Report this user for behavior that violates our Community Guidelines.

Details: